000 00317nam a2200145Ia 4500
100 _aSutt G/ Blair Steve
942 _cBK
654 _aEGA/VGA
245 _aProgrammers guide to the EGA/VGA
260 _bBPB Publication
_aDelhi
_c1988
082 _a5.1
_bSKT
300 _a512
546 _aENGLISH
999 _c32882
_d32882